[Event "Winter Tournament 2014/15"]
[Site "SchemingMind.com"]
[Date "2014.12.12"]
[Round "-"]
[White "Helga1946"]
[Black "William Lindberg"]
[Result "1/2-1/2"]
[WhiteCountry "GER"]
[BlackCountry "USA"]
[WhiteElo "2141"]
[WhiteRD "77"]
[BlackElo "2204"]
[BlackRD "67"]
[GameID "371284"]

1. e4 e5 2. Nf3 Nc6 3. Bb5 Nf6 4. O-O Be7 5. Nc3 O-O 6. Bxc6 dxc6 7. Nxe5 Nxe4 8. Nxe4 Qd4 9. Nxc6 bxc6 10. d3 f5
11. Nd2 Qd5 12. Re1 Bf6 13. Nb3 a5 14. c4 Qd7 15. Rb1 a4 16. Nc5 Qd6 17. Nxa4 c5 18. Be3 Ra5 19. Bd2 Ra8 20. b4 Bd4
21. bxc5 Qf6 22. Qc2 f4 23. Re4 Bf5 24. Rxf4 Be5 25. Rf3 Qh4 26. Bf4 Bxf4 27. g3 Bxg3 28. Rxg3 Ra6 29. Qb2 Bg6 30. Nc3 Raf6
31. Rf1 Qd4 32. Qc2 Qxc5 33. Ne4 Bxe4 34. dxe4 Rf4 35. Qe2 Rd8 36. Rd3 Rdf8 37. Re3 Rd8 38. a3 c6 39. Kh1 Rd4 40. Rc1 Qf8
41. f3 Qd8 42. Rb1 Rh4 43. Qe1 h6 44. e5 Rd2 45. Re2 Rhd4 46. Rxd2 Rxd2 47. Qe4 c5 48. e6 Qc7 49. f4 Rd4 50. Qb7 Qxb7+
51. Rxb7 Kf8 52. a4 Rxc4 53. Rf7+ Kg8 54. a5 Ra4 55. Ra7 Kf8 56. Kg2 c4 57. Kf3 c3 58. Ke2 Re4+ 59. Kd3 Rxe6 60. a6 Rc6
61. Ra8+ Kf7 62. a7 Rd6+ 63. Kxc3 Ra6 64. Kb4 Kg6 65. Kb5 Ra1 66. f5+ Kf7 67. h4 h5 68. Kc4 Ra4+ 69. Kd3 Ra6 70. Ke3 Ra4
71. Kf3 Ra5 72. Kf4 Ra4+ 73. Kg5 Ra5 74. Kxh5 Rxf5+ 75. Kg4 Ra5 76. h5 Ra3 77. Kg5=
1/2-1/2

[Event "Winter Tournament 2014/15"]
[Site "SchemingMind.com"]
[Date "2014.12.12"]
[Round "-"]
[White "GBEDARD"]
[Black "Stephen Woodhouse"]
[Result "1/2-1/2"]
[WhiteCountry "USA"]
[BlackCountry "ENG"]
[WhiteElo "1988"]
[WhiteRD "68"]
[BlackElo "1856"]
[BlackRD "50"]
[GameID "371289"]

1. e4 e6 2. d4 d5 3. Nc3 Nf6 4. Bg5 dxe4 5. Nxe4 Be7 6. Bxf6 Bxf6 7. Nf3 Nd7 8. Qd2 O-O 9. O-O-O b6 10. Bc4 Bb7
11. Rhe1 Bd5 12. Bxd5 exd5 13. Ng3 Re8 14. Rxe8+ Qxe8 15. Qc3 c5 16. Qb3 cxd4 17. Qxd5 Nc5 18. Nh5 Rd8 19. Nxf6+ gxf6 20. Qc4 d3
21. Rd2 dxc2 22. Rxd8 Qxd8 23. Kxc2 Qe7 24. Qg4+ Kf8 25. Nd4 Ne6 26. Nxe6+ fxe6=
1/2-1/2

[Event "Winter Tournament 2014/15"]
[Site "SchemingMind.com"]
[Date "2014.12.12"]
[Round "-"]
[White "Stephen Woodhouse"]
[Black "GBEDARD"]
[Result "0-1"]
[WhiteCountry "ENG"]
[BlackCountry "USA"]
[WhiteElo "1856"]
[WhiteRD "50"]
[BlackElo "1988"]
[BlackRD "68"]
[GameID "371290"]

1. e4 g6 2. d4 Bg7 3. Nc3 d6 4. f4 Nf6 5. Nf3 O-O 6. Bd3 Nc6 7. O-O e5 8. dxe5 dxe5 9. f5 Nb4 10. Bg5 gxf5
11. Nxe5 Qd4+
0-1

[Event "Winter Tournament 2014/15"]
[Site "SchemingMind.com"]
[Date "2014.12.12"]
[Round "-"]
[White "Scooter"]
[Black "Stephen Woodhouse"]
[Result "1/2-1/2"]
[WhiteCountry "USA"]
[BlackCountry "ENG"]
[WhiteElo "1759"]
[WhiteRD "48"]
[BlackElo "1856"]
[BlackRD "50"]
[GameID "371291"]

1. d4 e6 2. Nf3 f5 3. Bg5 Be7 4. Bxe7 Qxe7 5. e3 Nf6 6. Be2 b6 7. O-O Bb7 8. Nbd2 O-O 9. c4 d6 10. h3 Nbd7
11. b3 Rae8 12. Qc2 Ne4 13. Nxe4 Bxe4 14. Qd1 e5 15. dxe5 Nxe5 16. Nxe5 Qxe5 17. Bf3 f4 18. Bxe4 Qxe4 19. exf4 Qxf4 20. Qd5+ Qf7
21. Qxf7+ Rxf7 22. Rfe1 Rfe7 23. Kf1=
1/2-1/2

[Event "Winter Tournament 2014/15"]
[Site "SchemingMind.com"]
[Date "2014.12.12"]
[Round "-"]
[White "Stephen Woodhouse"]
[Black "Scooter"]
[Result "1-0"]
[WhiteCountry "ENG"]
[BlackCountry "USA"]
[WhiteElo "1856"]
[WhiteRD "50"]
[BlackElo "1759"]
[BlackRD "48"]
[GameID "371292"]

1. e4 c6 2. d4 d5 3. exd5 cxd5 4. c4 Nf6 5. Nc3 Bf5 6. Qb3 dxc4 7. Bxc4 e6 8. Qxb7 Nbd7 9. Bf4 Qc8 10. Ba6 Nb6
11. Qxc8+
1-0

[Event "Winter Tournament 2014/15"]
[Site "SchemingMind.com"]
[Date "2014.12.12"]
[Round "-"]
[White "fanfan_la_Tulipe"]
[Black "Stephen Woodhouse"]
[Result "1-0"]
[WhiteCountry "AUT"]
[BlackCountry "ENG"]
[WhiteElo "2095"]
[WhiteRD "74"]
[BlackElo "1891"]
[BlackRD "50"]
[GameID "371293"]

1. d4 e6 2. c4 f5 3. g3 Nf6 4. Bg2 d5 5. Nh3 c6 6. O-O Bd6 7. Bf4 Be7 8. Qc2 O-O 9. Nd2 Nh5 10. Nf3 Bd7
11. Rab1 Be8 12. b4 b5 13. c5 a5 14. a4 axb4 15. axb5 cxb5 16. Rxb4 Ra4 17. Qb3 Rxb4 18. Qxb4 Nc6 19. Qb2 Nxf4 20. Nxf4 Bd7
21. Nd3 Qc7 22. Nde5 Nxe5 23. Nxe5 Bf6 24. Nxd7 Qxd7 25. e3 Rb8 26. Qb4 e5 27. Rb1 exd4 28. exd4 f4 29. Ra1 fxg3 30. hxg3 g6
31. Ra6 Bg7 32. Rd6 Qg4 33. Bxd5+ Kh8 34. Bc6 h5 35. Qb1 Bxd4 36. Rxg6 Qe2 37. Rh6+
1-0

[Event "Winter Tournament 2014/15"]
[Site "SchemingMind.com"]
[Date "2014.12.12"]
[Round "-"]
[White "Stephen Woodhouse"]
[Black "fanfan_la_Tulipe"]
[Result "0-1"]
[WhiteCountry "ENG"]
[BlackCountry "AUT"]
[WhiteElo "1891"]
[WhiteRD "50"]
[BlackElo "2095"]
[BlackRD "74"]
[GameID "371294"]

1. e4 e5 2. Nf3 Nc6 3. d4 exd4 4. Nxd4 Bc5 5. Be3 Qf6 6. c3 Nge7 7. Bc4 Ne5 8. Be2 Qg6 9. O-O d6 10. Kh1 Ng4
11. Bc1 Bd7 12. b4 Bb6 13. f3 Nh6 14. Nd2 O-O 15. Nc4 f5 16. Nxb6 axb6 17. Bxh6 Qxh6 18. Nxf5 Bxf5 19. exf5 Nxf5 20. Qd5+ Kh8
21. Kg1 Ne3 22. Qxb7 Nxf1 23. Bxf1 Qe3+ 24. Kh1 Qxc3
0-1

[Event "Winter Tournament 2014/15"]
[Site "SchemingMind.com"]
[Date "2014.12.13"]
[Round "-"]
[White "simpet"]
[Black "Stephen Woodhouse"]
[Result "0-1"]
[WhiteCountry "ENG"]
[BlackCountry "ENG"]
[WhiteElo "1585"]
[WhiteRD "56"]
[BlackElo "1891"]
[BlackRD "50"]
[GameID "371295"]

1. e4 e6 2. d4 d5 3. e5 c5 4. Nf3 cxd4 5. Nxd4 Nc6 6. Bb5 Bd7 7. Nxc6 Bxc6 8. Bxc6+ bxc6 9. O-O Bc5 10. Nc3 Ne7
11. Qd3 O-O 12. Na4 Bb6 13. Qg3 Nf5 14. Qg4 Qh4 15. Qxh4 Nxh4 16. Bf4 Bc7 17. Rfe1 Rab8 18. b3 Rfc8 19. Nc5 Nf5 20. Red1 Bb6
21. Nd7 Rb7 22. Nf6+ gxf6 23. exf6 Bd4 24. Rab1 Bxf6
0-1

[Event "Winter Tournament 2014/15"]
[Site "SchemingMind.com"]
[Date "2014.12.12"]
[Round "-"]
[White "Stephen Woodhouse"]
[Black "William Lindberg"]
[Result "0-1"]
[WhiteCountry "ENG"]
[BlackCountry "USA"]
[WhiteElo "1891"]
[WhiteRD "50"]
[BlackElo "2176"]
[BlackRD "65"]
[GameID "371297"]

1. e4 e5 2. Nf3 Nc6 3. d4 exd4 4. Nxd4 Bc5 5. Be3 Qf6 6. c3 d6 7. Bc4 Qg6 8. O-O Ne5 9. Be2 Bh3 10. Bf3 Nf6
11. Kh1 Bd7 12. Nd2 O-O 13. Nc2 Bb5 14. Be2 Bxe2 15. Qxe2 Nxe4 16. Nxe4 Qxe4 17. Rae1 Bb6 18. f4 Nd3 19. Bxb6 Qxe2 20. Rxe2 axb6
21. Re7 Rfc8 22. Nd4 Kf8 23. Re2 Rxa2 24. g3 Rxb2 25. Rxb2 Nxb2 26. Ra1 c6 27. Nf5 Nc4 28. Ra7 g6 29. Nd4 Na5 30. Kg2 Ke7
31. Kf3 Kd7
0-1

[Event "Winter Tournament 2014/15"]
[Site "SchemingMind.com"]
[Date "2014.12.12"]
[Round "-"]
[White "William Lindberg"]
[Black "Stephen Woodhouse"]
[Result "1-0"]
[WhiteCountry "USA"]
[BlackCountry "ENG"]
[WhiteElo "2176"]
[WhiteRD "65"]
[BlackElo "1891"]
[BlackRD "50"]
[GameID "371298"]

1. Nf3 e6 2. e4 d5 3. Nc3 d4 4. Ne2 c5 5. c3 Nf6 6. cxd4 cxd4 7. Nexd4 Nxe4 8. b4 Nc6 9. Nxc6 bxc6 10. Qc2 Nf6
11. Rb1 Qb6 12. Bb2 Be7 13. Bd4 Qb7 14. Ne5 Bd7 15. Bc4 O-O 16. O-O Rfd8 17. Rfe1 Be8 18. Nf3 Rd7 19. a3 Rad8 20. Be5 Ng4
21. Bc3 Bf6 22. d4 Nh6 23. h3 Nf5 24. Rxe6 fxe6 25. Bxe6+ Kf8 26. Bxd7 Qxd7 27. Rc1 Bg6 28. Ba1 Nxd4 29. Qc5+ Qe7 30. Bxd4 Bxd4
31. Nxd4 Qxc5 32. Ne6+ Ke7 33. Nxc5 Rd2 34. Re1+ Kd6 35. Re6+ Kd5 36. Re7 Kc4 37. Rxa7 Ra2 38. g4 Bc2 39. Kg2 g6 40. Kg3 h5
41. f3 hxg4 42. fxg4 Ra1 43. Kh4
1-0

[Event "Winter Tournament 2014/15"]
[Site "SchemingMind.com"]
[Date "2014.12.12"]
[Round "-"]
[White "Stephen Woodhouse"]
[Black "Helga1946"]
[Result "0-1"]
[WhiteCountry "ENG"]
[BlackCountry "GER"]
[WhiteElo "1856"]
[WhiteRD "50"]
[BlackElo "2150"]
[BlackRD "78"]
[GameID "371299"]

1. e4 e6 2. d4 d5 3. Nd2 c5 4. exd5 Qxd5 5. Ngf3 cxd4 6. Bc4 Qd6 7. O-O Nf6 8. Nb3 Nc6 9. Nbxd4 Nxd4 10. Qxd4 Qxd4
11. Nxd4 Bc5 12. Nb3 Be7 13. Bg5 Bd7 14. Rad1 Rc8 15. Bd3 O-O 16. Bxf6 Bxf6 17. Bxh7+ Kxh7 18. Rxd7 Rxc2 19. Rxb7 Rxb2 20. Rxa7 Kg8
21. f4 Rxb3
0-1

[Event "Winter Tournament 2014/15"]
[Site "SchemingMind.com"]
[Date "2014.12.12"]
[Round "-"]
[White "Helga1946"]
[Black "Stephen Woodhouse"]
[Result "1-0"]
[WhiteCountry "GER"]
[BlackCountry "ENG"]
[WhiteElo "2195"]
[WhiteRD "77"]
[BlackElo "1891"]
[BlackRD "50"]
[GameID "371300"]

1. e4 e6 2. d4 d5 3. Nc3 Nf6 4. e5 Nfd7 5. f4 c5 6. Nf3 Nc6 7. Be3 cxd4 8. Nxd4 Bc5 9. Qd2 Nxd4 10. Bxd4 Bxd4
11. Qxd4 Qb6 12. Qxb6 Nxb6 13. Nb5 Ke7 14. Nd6 f6 15. O-O-O fxe5 16. fxe5 Nd7 17. Re1 b6 18. Re3 a5 19. Bb5 Ba6 20. Bxa6 Rxa6
21. Rf1 Nxe5 22. Nf5+ exf5 23. Rxe5+ Kd6 24. Rfxf5 Ra7 25. Rxd5+ Kc6 26. Rde5 Rd8 27. Re6+ Rd6 28. Rxd6+ Kxd6 29. a4 Re7 30. Kd2 Ke6
31. Rh5 g6 32. Rb5 Rd7+ 33. Ke3 Rd6 34. c3 h5 35. b4 axb4 36. cxb4 Rc6 37. g3 Kd6 38. Kd4 Kc7 39. Re5 Kd7 40. a5 bxa5
41. Rxa5 Rc2 42. h4 Rc6 43. Rd5+ Ke7 44. b5 Rc1 45. b6 Rb1 46. Kc5 Rc1+ 47. Kb5 Ke6 48. Rc5 Rb1+ 49. Kc6
1-0

[Event "Winter Tournament 2014/15"]
[Site "SchemingMind.com"]
[Date "2014.12.21"]
[Round "-"]
[White "GBEDARD"]
[Black "emvarela"]
[Result "1/2-1/2"]
[WhiteCountry "USA"]
[BlackCountry "ARG"]
[WhiteElo "1982"]
[WhiteRD "69"]
[BlackElo "1693"]
[BlackRD "51"]
[GameID "371467"]

1. e4 e5 2. Nf3 Nc6 3. Bb5 a6 4. Ba4 Nf6 5. O-O Be7 6. Re1 b5 7. Bb3 O-O 8. c3 d5 9. d4 exd4 10. exd5 Nxd5
11. a4 Bb7 12. axb5 axb5 13. Rxa8 Bxa8 14. Qd3 Bf6 15. Qxb5 Nb6 16. Bf4 dxc3 17. Nxc3 Nd4 18. Nxd4 Bxd4 19. Qf5 Bxc3 20. bxc3 Qc8
21. Qxc8 Rxc8 22. Bxc7 Nd5 23. Be5 h6 24. Ra1 Nxc3 25. Bxc3=
1/2-1/2

[Event "Winter Tournament 2014/15"]
[Site "SchemingMind.com"]
[Date "2014.12.18"]
[Round "-"]
[White "emvarela"]
[Black "GBEDARD"]
[Result "0-1"]
[WhiteCountry "ARG"]
[BlackCountry "USA"]
[WhiteElo "1693"]
[WhiteRD "51"]
[BlackElo "1982"]
[BlackRD "69"]
[GameID "371468"]

1. e4 g6 2. d4 Bg7 3. c4 d6 4. Nc3 Nf6 5. Nf3 O-O 6. Bd3 Bg4 7. h3 Bxf3 8. Qxf3 Nc6 9. Be3 Nd7 10. O-O Nxd4
11. Bxd4 Bxd4 12. Rac1 c6 13. b3 Bxc3 14. Rxc3 Qa5 15. Bb1 Qg5 16. Qg3 Qxg3 17. fxg3 Ne5 18. g4 Kg7 19. Kh2 Rh8 20. Kg3 h5
21. gxh5 Rxh5 22. Kf4 c5 23. g4 Rh4 24. Kg3 g5 25. Bc2 Rah8 26. Kg2 Ng6 27. Rcf3 Nf4+
0-1

[Event "Winter Tournament 2014/15"]
[Site "SchemingMind.com"]
[Date "2014.12.18"]
[Round "-"]
[White "emvarela"]
[Black "Scooter"]
[Result "1/2-1/2"]
[WhiteCountry "ARG"]
[BlackCountry "USA"]
[WhiteElo "1660"]
[WhiteRD "50"]
[BlackElo "1708"]
[BlackRD "44"]
[GameID "371469"]

1. e4 c6 2. d4 d5 3. Nc3 dxe4 4. Nxe4 Bf5 5. Ng3 Bg6 6. Nf3 Nd7 7. h4 h6 8. h5 Bh7 9. Bd3 Bxd3 10. Qxd3 Qc7
11. Bd2 O-O-O 12. O-O-O Ngf6 13. Ne4 e6 14. Nxf6 Nxf6 15. c4 Be7 16. g3 Ng4 17. Be3 Nxe3 18. Qxe3 Qa5 19. Qb3 Bg5+ 20. Kb1 Bf6
21. g4 Qb6 22. Qxb6 axb6 23. Ne5 Bxe5 24. dxe5 Kc7 25. Kc2 b5 26. cxb5 cxb5 27. f4 Rd7 28. Rxd7+ Kxd7 29. Rd1+ Kc7 30. Kb3 Ra8
31. Rd4 Kc6 32. Rd6+ Kc7 33. Rd4=
1/2-1/2

[Event "Winter Tournament 2014/15"]
[Site "SchemingMind.com"]
[Date "2014.12.18"]
[Round "-"]
[White "Scooter"]
[Black "emvarela"]
[Result "1/2-1/2"]
[WhiteCountry "USA"]
[BlackCountry "ARG"]
[WhiteElo "1731"]
[WhiteRD "44"]
[BlackElo "1693"]
[BlackRD "51"]
[GameID "371470"]

1. d4 d5 2. Nf3 Nf6 3. Bf4 e6 4. e3 Bd6 5. Bxd6 Qxd6 6. c3 O-O 7. Be2 Bd7 8. O-O c5 9. Nbd2 cxd4 10. cxd4 Nc6
11. a3 Rac8 12. Rc1 b6 13. b4 e5 14. dxe5 Nxe5 15. Qb3 Rxc1 16. Rxc1 Rc8 17. Rxc8+ Bxc8 18. Qc3 Nxf3+ 19. Bxf3 Bd7= 20. Qd4 Qc6
21. g3 Bh3 22. Qb2 Ne4 23. Bg2 Bxg2 24. Kxg2 Nxd2 25. Qxd2 g6 26. Kf1 Qc4+ 27. Kg1 Qe4 28. Qd4 Qxd4=
1/2-1/2

[Event "Winter Tournament 2014/15"]
[Site "SchemingMind.com"]
[Date "2014.12.18"]
[Round "-"]
[White "emvarela"]
[Black "fanfan_la_Tulipe"]
[Result "0-1"]
[WhiteCountry "ARG"]
[BlackCountry "AUT"]
[WhiteElo "1693"]
[WhiteRD "51"]
[BlackElo "2104"]
[BlackRD "74"]
[GameID "371471"]

1. e4 e5 2. Nf3 Nc6 3. d4 exd4 4. c3 d5 5. exd5 Qxd5 6. cxd4 Bg4 7. Be2 Bxf3 8. Bxf3 Qc4 9. Be3 Bb4+ 10. Bd2 Nxd4
11. Qa4+ b5
0-1

[Event "Winter Tournament 2014/15"]
[Site "SchemingMind.com"]
[Date "2014.12.18"]
[Round "-"]
[White "fanfan_la_Tulipe"]
[Black "emvarela"]
[Result "1-0"]
[WhiteCountry "AUT"]
[BlackCountry "ARG"]
[WhiteElo "2088"]
[WhiteRD "75"]
[BlackElo "1660"]
[BlackRD "50"]
[GameID "371472"]

1. d4 Nf6 2. c4 e6 3. Nc3 Bb4 4. e3 d5 5. Ne2 O-O 6. a3 Bxc3+ 7. Nxc3 dxc4 8. Bxc4 Nbd7 9. O-O Nb6 10. Ba2 Nbd5
11. Re1 Nxc3 12. bxc3 Qe7 13. e4 Rd8 14. Bg5 h6 15. Bh4 g5 16. Bg3 c5 17. h4 cxd4 18. cxd4 Qxa3 19. hxg5 hxg5 20. Be5 Qe7
21. Re3 Bd7 22. Rh3 Nh7 23. Qh5
1-0

[Event "Winter Tournament 2014/15"]
[Site "SchemingMind.com"]
[Date "2014.12.18"]
[Round "-"]
[White "emvarela"]
[Black "simpet"]
[Result "1-0"]
[WhiteCountry "ARG"]
[BlackCountry "ENG"]
[WhiteElo "1679"]
[WhiteRD "50"]
[BlackElo "1487"]
[BlackRD "67"]
[GameID "371473"]

1. e4 e5 2. Nf3 Nc6 3. d4 f6 4. dxe5 fxe5 5. Bc4 Nf6 6. Bg5 Be7 7. Bxf6 Bxf6 8. Nc3 d6 9. Nd5 Bg4 10. h3 Bh5
11. g4 Bf7 12. Nxf6+ Qxf6 13. Bxf7+ Qxf7 14. c3 O-O-O 15. Qd3 Rdf8 16. Ke2 Nd8 17. Rhf1 Ne6 18. Qe3 Nf4+ 19. Kd2 Nxh3 20. Ke2 Nf4+
21. Kd2
1-0

[Event "Winter Tournament 2014/15"]
[Site "SchemingMind.com"]
[Date "2014.12.18"]
[Round "-"]
[White "simpet"]
[Black "emvarela"]
[Result "0-1"]
[WhiteCountry "ENG"]
[BlackCountry "ARG"]
[WhiteElo "1487"]
[WhiteRD "67"]
[BlackElo "1679"]
[BlackRD "50"]
[GameID "371474"]

1. e4 e5 2. Nf3 Nc6 3. Bb5 a6 4. Bxc6 dxc6 5. O-O Bd6 6. d3 Bg4 7. Be3 Bxf3 8. Qxf3 Qf6 9. Qg4 h5 10. Qg5 Qxg5
11. Bxg5 f6 12. Be3 Ne7 13. f4 exf4 14. Bxf4 Bxf4 15. Rxf4 O-O 16. Nc3 g5 17. Rf2 Rf7 18. Raf1 Raf8 19. b4 Kg7 20. a4 f5
0-1

[Event "Winter Tournament 2014/15"]
[Site "SchemingMind.com"]
[Date "2014.12.18"]
[Round "-"]
[White "emvarela"]
[Black "Stephen Woodhouse"]
[Result "0-1"]
[WhiteCountry "ARG"]
[BlackCountry "ENG"]
[WhiteElo "1660"]
[WhiteRD "50"]
[BlackElo "1859"]
[BlackRD "49"]
[GameID "371475"]

1. e4 e6 2. d4 d5 3. Nc3 Nf6 4. Bg5 dxe4 5. Nxe4 Be7 6. Bxf6 Bxf6 7. Nxf6+ Qxf6 8. Nf3 O-O 9. c3 Nd7 10. Bd3 e5
11. dxe5 Nxe5 12. Nxe5 Qxe5+ 13. Qe2 Qg5 14. Qe4 g6 15. O-O Bf5 16. Qf3 Bxd3 17. Qxd3 Rad8 18. Qf3 c6 19. Rad1 Kg7 20. Rxd8 Rxd8
21. Rd1= Rd2 22. g3 Qd8 23. Rb1 Qd5 24. Qxd5 Rxd5 25. Kg2 Rd2 26. Kf3 Kf6 27. a3 Ke5 28. b4 Rd3+ 29. Kg4 Rxc3 30. a4 h6
31. Re1+ Kf6 32. Re4 c5 33. Rf4+ Ke6 34. bxc5 f5+ 35. Kh3 Rxc5 36. Rb4 b6 37. f4 g5 38. fxg5 hxg5 39. Rd4 g4+ 40. Kg2 Rc2+
41. Kg1 Rc7 42. Rf4 a6 43. Kg2 b5 44. axb5 axb5 45. h4 gxh3+ 46. Kxh3 Rb7 47. g4 fxg4+ 48. Kxg4 b4 49. Rf1 b3 50. Kf3 b2
51. Rb1 Kd5 52. Ke3 Kc4 53. Kd2 Kb3
0-1

[Event "Winter Tournament 2014/15"]
[Site "SchemingMind.com"]
[Date "2014.12.18"]
[Round "-"]
[White "Stephen Woodhouse"]
[Black "emvarela"]
[Result "1-0"]
[WhiteCountry "ENG"]
[BlackCountry "ARG"]
[WhiteElo "1859"]
[WhiteRD "49"]
[BlackElo "1660"]
[BlackRD "50"]
[GameID "371476"]

1. e4 e5 2. Nf3 Nc6 3. d4 exd4 4. Nxd4 Bc5 5. Be3 Qf6 6. c3 Nge7 7. Bc4 Ne5 8. Be2 Qg6 9. O-O d5 10. Bh5 Qf6
11. Nb5 Bd6 12. exd5 a6 13. Nxd6+ cxd6 14. Nd2 O-O 15. Bg5 Qxg5 16. Ne4 Qh6 17. Be2 Rd8 18. Qd4 Bf5 19. Ng3 Rac8 20. Rae1 N7g6
21. Nxf5 Qf4 22. Qxf4 Nxf4 23. Ne7+ Kf8 24. Nxc8 Rxc8 25. g3 Nxd5 26. Rd1 Nf6 27. f4 Nc4 28. Bxc4 Rxc4 29. Rxd6 Rc7 30. Re1 Ne8
31. Rd8 Re7 32. Rxe7 Kxe7 33. Rxe8+ Kxe8 34. Kf2 Ke7 35. Ke3 f5 36. Kd4 Kd6 37. c4 b6 38. b4 h6 39. h3 g5 40. fxg5 hxg5
41. h4 f4 42. hxg5 fxg3 43. Ke3 Ke5 44. c5 bxc5 45. bxc5
1-0

[Event "Winter Tournament 2014/15"]
[Site "SchemingMind.com"]
[Date "2014.12.18"]
[Round "-"]
[White "emvarela"]
[Black "William Lindberg"]
[Result "0-1"]
[WhiteCountry "ARG"]
[BlackCountry "USA"]
[WhiteElo "1660"]
[WhiteRD "50"]
[BlackElo "2204"]
[BlackRD "67"]
[GameID "371477"]

1. e4 e5 2. Nf3 Nc6 3. Bb5 Nf6 4. O-O Be7 5. Nc3 d6 6. Bxc6+ bxc6 7. d4 exd4 8. Nxd4 Bd7 9. Be3 O-O 10. Nce2 c5
11. Nf3 Nxe4 12. Qd5 Nf6 13. Qd3 Qc8 14. Nf4 Re8 15. Rfe1 Bf5 16. Qb3 Rb8 17. Qc3 d5 18. Bxc5 Ne4 19. Rxe4 Bxe4 20. Bxe7 Rxe7
21. Ne5 c5 22. f3 d4 23. Qc4 Rxe5
0-1

[Event "Winter Tournament 2014/15"]
[Site "SchemingMind.com"]
[Date "2014.12.18"]
[Round "-"]
[White "William Lindberg"]
[Black "emvarela"]
[Result "1-0"]
[WhiteCountry "USA"]
[BlackCountry "ARG"]
[WhiteElo "2186"]
[WhiteRD "67"]
[BlackElo "1693"]
[BlackRD "51"]
[GameID "371478"]

1. c4 c5 2. Nf3 Nc6 3. e3 e6 4. d4 d5 5. Nc3 Nf6 6. Be2 dxc4 7. O-O cxd4 8. exd4 Nd5 9. Bxc4 Nxc3 10. bxc3 Be7
11. Re1 O-O 12. Bd3 h6 13. Bc2 f5 14. Bb3 Rf6 15. Bb2 Qb6 16. d5 Na5 17. c4 Nxb3 18. Bxf6 Bxf6 19. Rb1 exd5 20. Qxd5+
1-0

[Event "Winter Tournament 2014/15"]
[Site "SchemingMind.com"]
[Date "2014.12.19"]
[Round "-"]
[White "emvarela"]
[Black "Helga1946"]
[Result "0-1"]
[WhiteCountry "ARG"]
[BlackCountry "GER"]
[WhiteElo "1660"]
[WhiteRD "50"]
[BlackElo "2141"]
[BlackRD "77"]
[GameID "371479"]

1. e4 c5 2. Nf3 d6 3. d4 cxd4 4. Nxd4 Nf6 5. Nc3 e5 6. Nb3 Be7 7. Bd3 O-O 8. O-O Nc6 9. Be3 Nb4 10. a3 Nxd3
11. Qxd3 Be6 12. Nd5 Nxd5 13. exd5 Bd7 14. c4 f5 15. f4 e4 16. Qe2 Rf6 17. Bd4 Rh6 18. Qe3 Bf6 19. Bxf6 Qxf6 20. g3 Qxb2
21. Rf2 Qf6 22. Rc1 b6 23. Nd4 Qf7 24. Nb5 Bxb5 25. cxb5 Qxd5 26. a4 Rf6 27. Rd2 Qf7 28. Rc6 Rd8 29. Rdc2 d5 30. Rc7 d4
31. Qa3 Qf8 32. Qxf8+ Kxf8 33. Rxa7 d3
0-1

[Event "Winter Tournament 2014/15"]
[Site "SchemingMind.com"]
[Date "2014.12.18"]
[Round "-"]
[White "Helga1946"]
[Black "emvarela"]
[Result "1-0"]
[WhiteCountry "GER"]
[BlackCountry "ARG"]
[WhiteElo "2177"]
[WhiteRD "78"]
[BlackElo "1693"]
[BlackRD "51"]
[GameID "371480"]

1. e4 e5 2. Nf3 Nc6 3. Bb5 a6 4. Ba4 Nf6 5. O-O Be7 6. Re1 b5 7. Bb3 h6 8. a4 b4 9. Bd5 Nxd5 10. exd5 Nd4
11. Nxd4 exd4 12. d3 d6 13. Qe2 f6 14. Nd2 Kf7 15. Nb3 Re8 16. Nxd4 Bb7 17. Qe6+ Kf8 18. Qg4 Bxd5 19. Bxh6
1-0